| 000 | 01065cam a22002773a 4500 | ||
|---|---|---|---|
| 001 | 31517 | ||
| 003 | PGUSA | ||
| 005 | 20140828083700.0 | ||
| 008 | 100306s2010||||xxu|||||s|||||000 | eng d | ||
| 040 |
_aPGUSA _beng |
||
| 042 | _adc | ||
| 050 | 4 | _aDC | |
| 100 | 1 |
_aDe Lancey, Magdalene, Lady, _d1793-1822 |
|
| 245 | 1 | 2 |
_aA Week at Waterloo in 1815 : _bLady De Lancey's Narrative: Being an Account of How She Nursed Her Husband, Colonel Sir William Howe De Lancey, Quartermaster-General of the Army, Mortally Wounded in the Great Battle _h[electronic resource] / _cMagdalene, Lady De Lancey |
| 260 |
_bProject Gutenberg, _c2010 |
||
| 506 | _aPublic domain in the USA. | ||
| 516 | _aElectronic text | ||
| 653 | _aWaterloo, Battle of, Waterloo, Belgium, 1815 | ||
| 653 | _aDe Lancey, William Howe, Sir, 1778-1815 | ||
| 700 | 1 |
_aWard, B. R. _q(Bernard Rowland), _d1863- |
|
| 700 | 1 |
_aDickens, Charles, _d1812-1870 |
|
| 700 | 1 |
_aScott, Walter, _d1771-1832 |
|
| 830 | 0 |
_aProject Gutenberg _v31517 |
|
| 856 | 4 | 0 | _uhttp://www.gutenberg.org/ebooks/31517 |
| 942 | _cEB | ||
| 999 |
_c260772 _d260772 |
||